000 00233nam a22001097a 4500
999 _c260940
_d260939
020 _a9780545202732
100 _aHolly Webb
245 _aLost in the Snow
260 _aNew York
_bScholastic
_c2006
300 _a121 pgs
942 _cBK